Tìm hiểu các luật thuế mới Việt Nam: Các văn bản pháp luật mới nhất về thuế
Zapisane w:
| 1. autor: | |
|---|---|
| Format: | Książka |
| Język: | Undetermined |
| Wydane: |
Hà Nội
Thống Kê
1999
|
| Hasła przedmiotowe: | |
| Etykiety: |
Dodaj etykietę
Nie ma etykietki, Dołącz pierwszą etykiete!
|
| Thư viện lưu trữ: | Trung tâm Học liệu Trường Đại học Cần Thơ |
|---|
| LEADER | 00675nam a2200193Ia 4500 | ||
|---|---|---|---|
| 001 | CTU_35632 | ||
| 008 | 210402s9999 xx 000 0 und d | ||
| 020 | |b 160.000đ | ||
| 082 | |a 343.04 | ||
| 082 | |b T309t | ||
| 100 | |a Hoàng Trung Tiếu | ||
| 245 | 0 | |a Tìm hiểu các luật thuế mới Việt Nam: Các văn bản pháp luật mới nhất về thuế | |
| 245 | 0 | |c Hoàng Trung Tiếu, Hoàng Hoa | |
| 260 | |a Hà Nội | ||
| 260 | |b Thống Kê | ||
| 260 | |c 1999 | ||
| 650 | |a taxation ( vietnamese law ),taxation - law and legislation | ||
| 904 | |i Minh, 000307 | ||
| 980 | |a Trung tâm Học liệu Trường Đại học Cần Thơ | ||